Κατάλογος Βιβλιοθηκών Mediterranean College

An Ideal Gas Physical Simulation/A Thesis Submitted to Mediterranean College - University of Derby in Partial Fulfillment of the Requirements for the Degree of Bachelor in Computer Science (Record no. 8520)

MARC details
000 -LEADER
fixed length control field 01263cam a22001934a 4500
005 - ΗΜΕΡΟΜΗΝΙΑ ΚΑΙ ΩΡΑ ΤΕΛΕΥΤΑΙΑΣ ΕΝΗΜΕΡΩΣΗΣ
Πεδίο ελέγχου 20250605164338.0
008 - FIXED-LENGTH DATA ELEMENTS--GENERAL INFORMATION
Πεδίο ελέγχου σταθερού μήκους 250528s ||||||||||||||||||||||||d
035 ## - SYSTEM CONTROL NUMBER
System control number 23515
040 ## - ΠΗΓΗ ΚΑΤΑΛΟΓΟΓΡΑΦΗΣΗΣ
Φορέας πρωτότυπης καταλογογράφησης MC Athens Campus Library
Γλώσσα καταλογογράφησης Ελληνικά, Μοντέρνα (1453-)
Modifying agency MC Athens Campus Library
Κανόνες περιγραφικής καταλογογράφησης AACR2
245 1# - ΤΙΤΛΟΣ ΚΑΙ ΔΗΛΩΣΗ ΥΠΕΥΘΥΝΟΤΗΤΑΣ
Τίτλος An Ideal Gas Physical Simulation/A Thesis Submitted to Mediterranean College - University of Derby in Partial Fulfillment of the Requirements for the Degree of Bachelor in Computer Science
260 ## - PUBLICATION, DISTRIBUTION, ETC.
Date of publication, distribution, etc. 2019
300 ## - PHYSICAL DESCRIPTION
Extent 73
520 ## - SUMMARY, ETC.
Summary, etc. An Ideal Gas Physical Simulation, Abstract, Acknowledgements, Introduction, Project Aim and Objectives, Theoretical Background, Ideal Gas Characteristics, The Ideal Gas Law, Kinetic Theory, The Maxwell Boltzmann Distribution, Collision - Collision Detection, Collisions - Collision Resolution, The Brownian Motion, Physical Simulation, Development Environment, Programming Language, Graphical User Interface, Classes and Methods, Graphics and Rendering, Algoritms, Performance and Stability, Experimental, Ideal Gas Law Experiment, Maxwell-Boltzmann Distribution Experiment, Brownian Motion Experiment, Use Cases, Conclusion, Bibliography.
700 1# - ΠΡΟΣΘΕΤΗ ΑΝΑΓΡΑΦΗ--ΦΥΣΙΚΟ ΠΡΟΣΩΠΟ
Personal name Perakis Panagiotis
9 (RLIN) 9087
700 1# - ΠΡΟΣΘΕΤΗ ΑΝΑΓΡΑΦΗ--ΦΥΣΙΚΟ ΠΡΟΣΩΠΟ
Personal name Tsimplis Iason Dimitrios
9 (RLIN) 9089
942 ## - ADDED ENTRY ELEMENTS (KOHA)
Koha item type Διπλωματική εργασία
Holdings
Τύπος τεκμηρίου Βιβλιοθήκη Τρέχουσα τοποθεσία Barcode Ημερομηνία απόκτησης Ταξιθετικό σύμβολο Αριθμός αντιτύπου Κατάσταση απόσυρσης Κατάσταση χαμένου Κατάσταση κατεστραμμένου Μη δανεισμός Σύνολο δανεισμών Ημερομηνία τελευταίας εμφάνισης Η τιμή ισχύει από
Διπλωματική εργασία MC Athens Campus Library MC Athens Campus Library 9780000085191 05/06/2025 COMP 2019 (30) 1           05/06/2025 05/06/2025

MC Athens Campus Library
Πατησίων 94 & Κοδριγκτώνος 13, 104 34
Πελλήνης 8 & Πατησίων 107, 112 51
Τ: +30 210 8899600

MC Thessaloniki Campus Library
Ίωνος Δραγούμη 21, 54625 | Ίωνος Δραγούμη 15, 54625
Τ: +30 2310 287779 – Τ: +30 2314 440300